Statystyki dla Najludniejsze... (Państwo)

Kliknij tutaj aby rozwiązać quiz!

Ogólne statystyki

  • Ten quiz został rozwiązany 85 razy
    (59 od ostatniego zresetowania)
  • Średni wynik to 5 z 6

Statystyki odpowiedzi

ZagadnienieOdpowiedź% Poprawnych
w Ameryce PołudniowejBrazylia
96%
w Ameryce PółnocnejUSA
94%
W OceaniiAustralia
91%
w EuropieRosja
79%
W afryceNigeria
60%
w AzjiIndie
53%

Rozkład punktacji

Percentyl według liczby udzielonych odpowiedzi

Procent ludzi z każdym wynikiem

Twoja historia wyników

Nie rozwiązałeś tego quizu od ostatniego zresetowania